000
00317nam a22001457a 4500
008
221216b ||||| |||| 00| 0 eng d
020
_a
9780803614826
041
_a
eng
080
_2
10edition
_a
610.73
082
_a
610.73DOE
100
_a
7
101
_a
INF
245
_a
NURSE'S POCKET GUIDE
942
_2
udc
_c
BK
999
_c
59195
_d
59195